000 00424nam a2200181Ia 4500
001 24496
005 20260414151047.0
008 260414t2010||||xx |||||||||||||| ||spa||
041 _aESP
082 _a345.71
_bD79
100 _aDioguardi, Juana
_eAUT
245 0 _aTeoría general del proceso
_b
260 _c2010
300 _a464 páginas :
_c22 cm.
650 _aDER
654 _aCDE
942 _cLIB
_dJUS
_fJUS
_2ddc
_n
999 _c24496
_d24496